00350nam a2200133Ia 4500008004100000041000800041082001600049100001700065245004500082250001400127260004000141300003000181365000500211240624s9999 xx 000 0 und d aeng a519.535 AND aANDERSON T W aINTRODUCTION TO MULTIVARIATE STATISTICAL a(3rd ed.) c2006aNew JerseybJohn Wiley & Sons axx, : 721 : p. : cm. ; 26 c